| 000 | 00606nam a22002057a 4500 | ||
|---|---|---|---|
| 003 | OSt | ||
| 005 | 20130614121512.0 | ||
| 008 | 130530s2002 sp ||||| |||| 00| 0 spa d | ||
| 020 | _a8488788479 | ||
| 040 | _cCDMR | ||
| 100 | 1 |
_93601 _aThompson, Roy |
|
| 245 | 1 | 3 |
_aEl lenguaje del plano _cRoy Thompson |
| 260 |
_aMadrid _bInstituto Oficial de Radio y Televisión _c2002 |
||
| 300 | _a200 p. | ||
| 490 | _aManuales profesionales | ||
| 650 | 0 | 4 |
_9748 _aCinematografia _xProducció i direcció |
| 650 | 0 | 4 |
_9433 _aTelevisió _xProducció i direcció |
| 650 | 0 | 4 |
_93786 _aAudiovisuals _xTècnica |
| 942 |
_2udc _cMON |
||
| 999 |
_c6364 _d6364 |
||